LEADER 01547nam a2200301 i 4500 001 000000136944 003 CaOOAMICUS 005 20140109125041.0 008 140109s1995 xx 000 b ger c 020 $z3 88096 921 3* 040 $aPUG$bita$dPUL 100 1 $aSchmitz, Rudolf Michael,$d1957-$0(OLS)http://pul/name/27087 245 14$aDie Bekenntnisfreiheit im Gemeinstatut der Gläubingen (cc. 208-223) :$bihre Möglichkeiten und Grenzen innerhalb der kanonischen Rechtsordnung /$cRudolf Michael Schmitz. 260 $aSt. Ottilien :$bEos Verlag,$c1995. 300 $axxvii, 140 p.$c21 cm 490 1 $aDissertationen.$aKanonistische Reihe ;$v011 502 $aTesi di Laurea in Diritto Canonico--Kanonistich Institut--Ludwig-Maximilians-Universität, Munchen, 1993. 504 $aQuellen- und Literaturverzeichnis: pp. [xv]-xxvii 650 4$aLibertà religiosa.$0(OLS)http://pul/subject/762 830 0$aDissertationen.$pKanonistische Reihe ;$v011.$0(OLS)http://pul/title/9673 850 $aPUL 852 $aPUL$W1$xDP1 Tesi Varie$y51$mTH VAR 116$j157858$qTesi$B157281$CPULBib$Z2$F157281 $82 941 1 $a16 960 $aLibertà di culto$xConvenzioni internazionali $9762 996 $6020$z3 88096 921 3*$9(OLS)http://pul/number/154273 996 $6245$aDie Bekenntnisfreiheit im Gemeinstatut der Gläubingen (cc. 208-223) :$bihre Möglichkeiten und Grenzen innerhalb der kanonischen Rechtsordnung$9(OLS)http://pul/title/173368 996 $6260$aSt. Ottilien :$bEos Verlag$9(OLS)http://pul/publisher/66979 LEADER 01187nam a2200313 a 4500 001 000000148091 003 CaOOAMICUS 005 20151211131149.0 008 151211s1972 it u000 u ita r 032 $aLibriCat 040 $aPUL$bita 041 1 $aita$heng 100 1 $aTillich, Paul,$d1886-1965.$0(OLS)http://pul/name/24019 240 10$aProtestant era.$lItaliano.$0(OLS)http://pul/title/186861 245 12$aL'era protestante / $cPaul Tillich ; edizione a cura di Franco Giampiccoli. 260 $aTorino :$bClaudiana,$c©1972. 300 $a271 p. ;$c22 cm. 490 1 $aSola Scriptura ;$v04 650 4$aProtestantesimo.$0(OLS)http://pul/subject/447 700 1 $aGiampiccoli, Franco.$0(OLS)http://pul/name/11967 830 0$aSola Scriptura ;$v04.$0(OLS)http://pul/title/8350 850 $aPUL 852 $aPUL$W1$xDP1 Fondo Bordoni$y120$m3 B 92$j162943$qFondi$B171922$CPULBib$Z2$F171922 $HBor147 $81 941 1 $a1 960 $aRiforma$9447 960 $aRiforma$9447 996 $6245$aL'era protestante / $9(OLS)http://pul/title/186862 996 $6260$aTorino :$bClaudiana$9(OLS)http://pul/publisher/48072